Normal view
MARC view
- Umer Jamil, Qazi
Entry Personal Name
001 - CONTROL NUMBER
- control field: 119647
003 - CONTROL NUMBER IDENTIFIER
- control field: NUST
005 - DATE AND TIME OF LATEST TRANSACTION
- control field: 20231211161018.0
008 - FIXED-LENGTH DATA ELEMENTS
- fixed length control field: 231211|| aca||aabn | a|a d
040 ## - CATALOGING SOURCE
- Original cataloging agency: NUST
- Transcribing agency: NUST
100 ## - HEADING--PERSONAL NAME
- Personal name: Umer Jamil, Qazi
670 ## - SOURCE DATA FOUND
- Source citation: Work cat.: (NUST): Umer Jamil, Qazi , Traffic Signal Control using Reinforcement Learning /
